Tourism and development in Sub-Saharan Africa (Record no. 17796)

MARC details
000 -LEADER
fixed length control field 00555nam a22001697a 4500
008 - FIXED-LENGTH DATA ELEMENTS--GENERAL INFORMATION
fixed length control field 190702b xxu||||| |||| 00| 0 eng d
020 ## - INTERNATIONAL STANDARD BOOK NUMBER
International Standard Book Number 0415812344
040 ## - CATALOGING SOURCE
Original cataloging agency KABU
Transcribing agency KABU
050 ## - LIBRARY OF CONGRESS CALL NUMBER
Classification number G155
Item number .N68 2016 c. 1
100 ## - MAIN ENTRY--PERSONAL NAME
Personal name Novelli, Marina
245 ## - TITLE STATEMENT
Title Tourism and development in Sub-Saharan Africa
Remainder of title current issues and local realities
Statement of responsibility, etc. Marina Novelli
260 ## - PUBLICATION, DISTRIBUTION, ETC. (IMPRINT)
Place of publication, distribution, etc. London
Name of publisher, distributor, etc. Routledge
Date of publication, distribution, etc. 2016
300 ## - PHYSICAL DESCRIPTION
Extent xxiii, 235 p.
650 ## - SUBJECT ADDED ENTRY--TOPICAL TERM
Topical term or geographic name as entry element Tourism
Geographic subdivision Africa, Sub-Saharan
650 ## - SUBJECT ADDED ENTRY--TOPICAL TERM
Topical term or geographic name as entry element Economic development
Geographic subdivision Africa, Sub-Saharan
942 ## - ADDED ENTRY ELEMENTS (KOHA)
Source of classification or shelving scheme Library of Congress Classification
Koha item type General Collection
Classification part G155
Holdings
Withdrawn status Lost status Source of classification or shelving scheme Not for loan Home library Current library Date acquired Cost, normal purchase price Total Checkouts Full call number Barcode Date last seen Copy number Price effective from Koha item type
    Library of Congress Classification   Kabarak, Main Campus Kabarak, Main Campus 02/07/2019 3926.40   G155 .N68 2016 c. 1 023358 02/07/2019 c. 1 02/07/2019 General Collection
    Library of Congress Classification   Kabarak, Main Campus Kabarak, Main Campus 02/07/2019 3926.40   G155 .N68 2016 c. 2 023359 02/07/2019 c. 2 02/07/2019 General Collection
    Library of Congress Classification   Kabarak, Main Campus Kabarak, Main Campus 02/07/2019 3926.40   G155 .N68 2016 c. 3 023360 02/07/2019 c. 3 02/07/2019 General Collection
Designed with assistance from East African Informatics Ltd